00634 2200229 4500001002100000005001700021008004100038035002400079040001200103082001100115090002100126100001900147245006300166250001000229260003000239300002000269500002600289650003700315700001900352850001200371999002100383YOGYA-0912000000017020120928112331.0 ind  0010-091200000000170 aYOPDYOG a420.76 aDEP 420.76 Pan L aPANCA PRASTOWO aLulus mulus TOEFLcPanca Prastowo ; editor, Diyan Yulianto aCet.1 aYogyakartabLaksanac2012 a203 hlm.c24 cm aBibliografi : hlm 203 aBahasa Inggris-ujian, soal, dsb. aDiyan Yulianto aYOPDYOG aCB-D.11 2012-727